Informe anual de labores 1995
Gardado en:
| Autor Principal: | |
|---|---|
| Formato: | Libro |
| Idioma: | Spanish |
| Publicado: |
[San José, Costa Rica] : Universidad de Costa Rica, [Facultad de Ingeniería], Instituto de Investigaciones en Ingeniería
1996
|
| Etiquetas: |
Engadir etiqueta
Sen Etiquetas, Sexa o primeiro en etiquetar este rexistro!
|
MARC
| LEADER | 00000nam a2200000Ia 4500 | ||
|---|---|---|---|
| 003 | MV0246 | ||
| 005 | 20240419134140.0 | ||
| 008 | 140114s1996 cr a 000 ||spa d | ||
| 040 | |c cru CEDI | ||
| 100 | |a Muñoz Umaña, Flor de María, 1958- |9 1733 | ||
| 245 | |a Informe anual de labores 1995 | ||
| 260 | |a [San José, Costa Rica] : Universidad de Costa Rica, [Facultad de Ingeniería], Instituto de Investigaciones en Ingeniería |c 1996 | ||
| 500 | |a INII 1996-105 | ||
| 942 | |c MV |h MV 246 |i MV0246 |6 MV_246_000000000000000_MV0246 | ||
| 999 | |c 13055 |d 13055 | ||
